The uniqueness of Jesus. (Registro nro. 45111)
[ vista simple ]
| 000 -LÍDER | |
|---|---|
| Campo fijo de descripción fija | 023230000a22003250004500 |
| 001 - NÚMERO DE CONTROL | |
| Campo de control | 768714001 |
| 003 - IDENTIFICADOR DEL NÚMERO DE CONTROL | |
| Campo de control | CO-MdFUSB |
| 005 - FECHA Y HORA DE LA ULTIMA TRANSACCIÓN | |
| control field | 20190814155142.0 |
| 008 - ELEMENTOS DE LONGITUD FIJA -- INFORMACIÓN GENERAL | |
| Campo fijo de descripción fija -- Información general | 190730b ||||| |||| 00| 0 eng d |
| 020 ## - NÚMERO INTERNACIONAL NORMALIZADO PARA LIBROS | |
| Número Internacional Normalizado del libro | 0825460069 |
| 040 ## - FUENTE DE CATALOGACIÓN | |
| Idioma de catalogación | spa. |
| Agencia de catalogación original | CO-MdFUSB |
| Agencia que realiza la transcripción | CO-MdFUSB |
| Agencia que realiza la modificación | CO-MdFUSBC |
| Convenciones de la descripción | rda |
| 041 ## - CÓDIGO DE IDIOMA | |
| Código de idioma para texto/pista de sonido o título separado | eng |
| 082 04 - NÚMERO DE CLASIFICACIÓN DECIMAL DEWEY | |
| Número de clasificación | 23 |
| Número de la edición del Dewey | 232 |
| Clave de autor-Numero de item | W947u |
| 100 1# - ASIENTO PRINCIPAL--NOMBRE PERSONAL | |
| Nombre personal | Wright, Chris |
| Término relacionador | autor |
| 245 10 - TÍTULO | |
| Título del Material | The uniqueness of Jesus. |
| Mención de responsabilidad, etc. | / Chris Wright |
| 264 #1 - PRODUCCIÓN, PUBLICACIÓN, DISTRIBUCIÓN, MANUFACTURA, Y COPYRIGHT | |
| Lugar de producción, publicación, distribución, manufactura | Grand Rapids, Michigan : |
| Nombre del productor, publicador, distribuidor | Monarch Books, |
| Fecha de producción, publicación, distribución, manufactura, o copyright | [2001] |
| 264 #4 - PRODUCCIÓN, PUBLICACIÓN, DISTRIBUCIÓN, MANUFACTURA, Y COPYRIGHT | |
| Fecha de producción, publicación, distribución, manufactura, o copyright | © 2001 |
| 300 ## - DESCRIPCIÓN FÍSICA | |
| Extensión | 186 páginas |
| Dimensiones | ; 20 cm |
| 336 ## - TIPO DE CONTENIDO | |
| Término de tipo de contenido | texto |
| Código de tipo de contenido | txt |
| Fuente | rdacontent |
| 337 ## - TIPO DE MEDIO | |
| Fuente | rdamedia |
| Nombre del tipo de medio | sin mediación |
| Código del tipo de medio | n |
| 338 ## - TIPO DE SOPORTE | |
| Fuente | rdacarrier |
| Nombre del tipo de soporte | volumen |
| Código Tipo de soporte | nc |
| 490 ## - MENCIÓN DE SERIE | |
| Mención de serie | Thinking clearly series. |
| 501 ## - NOTA DE “CON” | |
| Nota de Contenido | Rústico |
| 505 0# - NOTA DE CONTENIDO | |
| Nota de contenido con formato preestablecido | Introducción: ¡bienvenido al supermercado!. -- Examinando la escena. -- La pluralidad social de las religiones. -- Adoración de fe múltiple. -- Religión y educación. -- Crecimiento en el conocimiento sobre otras religiones. -- Reacciones morales y emocionales. -- Actitudes hacia la misión cristiana. -- Cambios teológicoS. -- ¡Cuidado con los huecos!. -- Jesús exclusivamente en el centro - Lo que el exclusivismo no significa. -- Lo que mantiene el exclusivismo. -- Las críticas -- ¿Qué tan exclusivo puedes ser? -- Motivación para evangelismo. -- Jesús inclusive en el centro. -- El Cristo inclusivo. -- ¿Hay salvación en otras religiones?. -- ¿Qué tan inclusivo puedes ser?. -- Jesús en órbita: pluralismo. -- Una distinción importante. -- ¿Qué significa pluralismo?. -- ¿Qué tiene de malo el pluralismo?. -- Jesús y la Biblia. -- Creación, pecado y salvación. -- Vaguedad pluralista. -- La singularidad de Israel<br/>La unicidad de Yahweh. -- Jesús y los primeros testigos: La Biblia y las religiones humanas<br/>Creación y caída. -- Los patriarcas. -- Israel y los dioses de las naciones del Antiguo Testamento. -- Jesús y el reino de Dios en el Nuevo Testamento. -- El prólogo del Evangelio de Juan. -- Pedro y Pablo en el libro de los Hechos -<br/>Conclusión: en la caja. -- Aclarar nuestro pensamiento sobre la verdad. -- Fortalecer nuestra lucha por la verdad. -- Renueva nuestra vida de la verdad. |
| 563 ## - NOTA DE ENCUADERNACIÓN | |
| Nota de encuadernación | Rústico |
| 600 #7 - ASIENTO SECUNDARIO DE MATERIA - NOMBRE PERSONAL | |
| Nombre personal | Jesucristo |
| Subdivisión general | Teología |
| 650 #7 - ASIENTO SECUNDARIO DE MATERIA - TERMINO TEMÁTICO | |
| 9 (RLIN) | 239 |
| Término temático o nombre geográfico como elemento de entrada | Cristología |
| 942 ## - TIPO DE MATERIAL (KOHA) | |
| Tipo de Item KOHA | Libros General |
| 945 ## - INFORMACIÓN LOCAL DEL REGISTRO | |
| Catalogador | JTF-925 |
| Estado de Material | Estado de Perdido | Forma de Clasificación | Estado de Dañado | No para Préstamo | Colección | Tomo | Biblioteca de Origen | Biblioteca Permanente | Fecha de Adquisición | Área | Total de Préstamos | Signatura Topográfica | Código de Barras | Última vez visto | Ejemplar/Existencia | Fecha de Remplazo | Tipo de Material |
|---|---|---|---|---|---|---|---|---|---|---|---|---|---|---|---|---|---|
| Dewey Decimal Classification | Colección General | Biblioteca FUSBC | Biblioteca FUSBC | 31/10/2014 | TEOLOGÍA CRISTIANA | G 232 W947u | 18685 | 12/12/2019 | 1 | 26/01/2016 | Libros General |
